000 00580nas a2200205 4500
001 BR9700907
003 BR-BrBNA
005 20231205100034.0
007 ta
008 230509b bl.|||p| |||| 00| 00por d
040 _aBR-BrBNA
_bpor
_cBiblioteca Nacional de Agricultura
041 _a(Pt)
072 _aF40
100 1 _aSilva, G.
245 1 _aCercas verdes e floridas
650 _aPlanta para Cerca Viva
773 0 _tGlobo Rural (Brazil)
_xISSN 0102-6178
_g(Oct 1996), v. 11(132) p. 21-23
_wBR9700907
909 _a202311
_bLúcia
_c55
_dLúcia Elande
942 _2AGRIS
_n0
_cANA
999 _c154058
_d154058